000 00691nas a2200241 454500
001 55178
005 20260407193512.0
008 260407s1990####ag###########|||spa#d
003 AR-UNSa-BCEJYS
040 _aAR-UNSa-BCEJYS
_bspa
_cAR-UNSa-BCEJYS
080 _a342.9
_xDerecho Administrativo
245 1 0 _aRevista de derecho administrativo
022 _a0327-2265
264 1 _aBuenos Aires :
_bEdiciones Depalma
_c1990
310 _aFrecuencia: Cuatrimestral
041 _aspa
942 _cSER
590 _aniveau_biblio:s niveau_hierar:1
100 1 _aCassagne, Juan Carlos
650 _aDERECHO ADMINISTRATIVO
650 _aACTO ADMINISTRATIVO
650 _aCONTRATOS ADMINISTRATIVOS
999 _c8975
_d8975